000 00297nam a22001337a 4500
008 170823b xxu||||| |||| 00| 0 eng d
020 _a9789812389343
041 _aeng
080 _a51
100 _a38
101 _aMAT
245 _a50 YEARS YANG MILLS THEORY
_cHOFT.G
942 _2udc
_cBK
999 _c24641
_d24641